Terrorismo, democracia y seguridad : (Record no. 110448)

MARC details
000 -LEADER
campo de control de longitud fija 00992nam a2200289Mi 4500
001 - NÚMERO DE CONTROL
campo de control 50440
005 - FECHA Y HORA DE LA ÚLTIMA TRANSACCIÓN
campo de control 20230411090003.0
008 - DATOS DE LONGITUD FIJA--INFORMACIÓN GENERAL
campo de control de longitud fija 070528s2006 mx 000 0 spa d
035 ## - NÚMERO DE CONTROL DEL SISTEMA
Número de control de sistema (OCoLC)ocn137316810
040 ## - FUENTE DE CATALOGACIÓN
Centro catalogador/agencia de origen PL#
Lengua de catalogación spa
Centro/agencia transcriptor PL#
020 ## - NÚMERO INTERNACIONAL ESTÁNDAR DEL LIBRO
Número Internacional Estándar del Libro 9709385089
020 ## - NÚMERO INTERNACIONAL ESTÁNDAR DEL LIBRO
Número Internacional Estándar del Libro 9789709385083
029 0# - OTRO NÚMERO DE CONTROL DE SISTEMA (OCLC)
Identificador de la biblioteca OCLC PL#
Número de control de sistema 070009254
035 ## - NÚMERO DE CONTROL DEL SISTEMA
Número de control de sistema (OCoLC)137316810
049 ## - FONDOS LOCALES (OCLC)
Biblioteca depositaria GRAL
245 00 - MENCIÓN DEL TÍTULO
Título Terrorismo, democracia y seguridad :
Resto del título 11 de septiembre: cinco años después /
Mención de responsabilidad, etc. María Cristina Rosas, coordinadora.
250 ## - MENCION DE EDICION
Mención de edición 1a. ed.
260 ## - PUBLICACIÓN, DISTRIBUCIÓN, ETC.
Lugar de publicación, distribución, etc. México, D.F. :
Nombre del editor, distribuidor, etc. Universidad Nacional Autónoma de México. Coordinacion de Humanidades,
Fecha de publicación, distribución, etc. 2006.
300 ## - DESCRIPCIÓN FÍSICA
Extensión 322 p. ;
Dimensiones 22 cm.
653 ## - TÉRMINO DE INDIZACIÓN--NO CONTROLADO
Término no controlado Terrorismo
-- Siglo XXI
-- Estados Unidos
653 ## - TÉRMINO DE INDIZACIÓN--NO CONTROLADO
Término no controlado Democracia
-- Estados Unidos
-- Siglo XXI
653 ## - TÉRMINO DE INDIZACIÓN--NO CONTROLADO
Término no controlado Politica
-- Terrorismo
-- Democracia
-- Siglo XXI
700 1# - ENTRADA AGREGADA--NOMBRE PERSONAL
Nombre de persona Rosas, María Cristina,
Término indicativo de función/relación coord.
938 ## -
-- Puvill Libros
-- PUVL
-- 9789709385083
-- $66.31
942 ## - ELEMENTOS DE ENTRADA SECUNDARIOS (KOHA)
Fuente del sistema de clasificación o colocación Clasificación de Library of Congress
Tipo de ítem Koha
994 ## -
-- C0
-- DRFGD
Holdings
Estatus retirado Estado de pérdida Fuente del sistema de clasificación o colocación Estado de daño No para préstamo Colección Biblioteca de origen Biblioteca actual Ubicación en estantería Fecha de adquisición Código de barras Visto por última vez Copia número Tipo de ítem Koha
    Clasificación de Library of Congress     Automatización y Procesos Técnicos Biblioteca Juan Bosch Biblioteca Juan Bosch Automatización y Procesos Técnicos (1er. Piso) 11/04/2023 00000052049 17/02/2019 1